Методы математического моделирования объектов и процессов разработки нефтяных месторождений: сборник научных трудов

Библиографические подробности
Автор-организация: Всесоюзный нефтегазовый научно-исследовательский институт им. А. П. Крылова (ВНИИ)
Другие авторы: Ушаков В. В. (редактор), Швидлер М. И., Максимов М. М.
Язык:русский
Опубликовано: Москва, Изд-во ВНИИ, 1991
Серии:Сборник научных трудов Всесоюзного нефтегазового научно-исследовательского института (ВНИИ) Вып. 106
Предметы:
Формат: MixedMaterials Книга
Запись в KOHA:https://koha.lib.tpu.ru/cgi-bin/koha/opac-detail.pl?biblionumber=131515

MARC

LEADER 00000nam0a2200000 4500
001 131515
005 20231031134510.0
020 |a RU  |b 91-33828ж 
035 |a (RuTPU)RU\TPU\book\142441 
090 |a 131515 
100 |a 20080219d1991 k y0rusy5003 ca 
101 0 |a rus 
102 |a RU 
105 |a a z 001zy 
200 1 |a Методы математического моделирования объектов и процессов разработки нефтяных месторождений  |e сборник научных трудов  |f Всесоюзный нефтегазовый научно-исследовательский институт им. А. П. Крылова (ВНИИ) ; под ред. В. В. Ушакова, М. И. Швидлера, М. М. Максимова 
210 |a Москва  |c Изд-во ВНИИ  |d 1991 
215 |a 147 с.  |c ил. 
225 1 |a Сборник научных трудов Всесоюзного нефтегазового научно-исследовательского института (ВНИИ)  |v Вып. 106 
320 |a Библиогр. в конце ст. 
610 1 |a нефтедобыча 
610 1 |a математическое моделирование 
610 1 |a нефтяные месторождения 
610 1 |a сборники 
675 |a 622.276.001.5  |v 3 
702 1 |a Ушаков  |b В. В.  |4 340 
702 1 |a Швидлер  |b М. И.  |4 340 
702 1 |a Максимов  |b М. М.  |4 340 
712 0 2 |a Всесоюзный нефтегазовый научно-исследовательский институт им. А. П. Крылова (ВНИИ)  |c (Москва)  |c (1987-1992)  |2 stltpush  |3 (RuTPU)RU\TPU\col\246 
801 0 |a RU  |b RuMRKP  |c 19950417  |g psbo 
801 1 |a RU  |b 63413507  |c 20080219  |g PSBO 
801 2 |a RU  |b 63413507  |c 20140320  |g PSBO 
942 |c BK